| 000 | 00778nam-a2200229-a-4500 | ||
|---|---|---|---|
| 001 | YSU0108808 | ||
| 003 | AM-YeHGA | ||
| 005 | 20250617161534.0 | ||
| 008 | 991124s1957 xxu 000 0 rus u | ||
| 040 | _aAM-YeHGA | ||
| 041 | 0 | _arus | |
| 100 | 1 | _aСамодуров, П.С. | |
| 245 | 1 | 0 |
_aМинералогия и генезис лессовых и красноцветных пород юго-западных областей СССР / _cП.С. Самодуров |
| 260 | 0 |
_aЯкутск : _bБ. и. , _c1957- |
|
| 300 | _aч. | ||
| 505 | 1 | 0 |
_gЧ. 1,2 (1957 : 220 с.) _gЧ. 3 (1957 : 179 с.) |
| 650 | 4 | _aГеология | |
| 700 | 1 | 0 |
_aСамодуров, П.С. _4edt |
| 710 | 2 | _aЯкутский гос. ун-т | |
| 942 |
_2udc _cBK |
||
| 090 | _c476495 | ||
| 999 |
_c473230 _d473230 |
||